000 00605nam a2200193 4500
001 139064
003 ES-MaACL
007 t|
008 070214s1985 sp r ||||1| spa d
020 _a84-313-0874-5
100 1 _aSaranyana, Josep-Ignasi.
_9103759
245 1 0 _aHistoria de la filosofía medieval /
_cJosep-Ignasi Saranyana.
260 _aPamplona :
_bEd. Universidad de Navarra,
_c1985.
300 _a306 p. ;
_c22 cm.
490 1 _aLibros de iniciación filosófica
830 0 _aLibros de iniciación filosófica
_9187113
852 _aES-MaACL
_jL-9655
_bR.111405
999 _c139064
_d139064